New orders in the construction industry (Record no. 114348)
[ view plain ]
| 000 -LEADER | |
|---|---|
| fixed length control field | 01367cad a22002175a 4500 |
| 001 - CONTROL NUMBER | |
| control field | L156656 |
| 008 - FIXED-LENGTH DATA ELEMENTS--GENERAL INFORMATION | |
| fixed length control field | 120618e20120304xxkd f s f000 0 eng d |
| 035 ## - SYSTEM CONTROL NUMBER | |
| System control number | (Sirsi) u156656 |
| 041 0# - LANGUAGE CODE | |
| Language code of text/sound track or separate title | eng |
| 110 1# - MAIN ENTRY--CORPORATE NAME | |
| Corporate name or jurisdiction name as entry element | United Kingdom |
| Subordinate unit | Office of National Statistics |
| 9 (RLIN) | 2035 |
| 245 00 - TITLE STATEMENT | |
| Title | New orders in the construction industry |
| Remainder of title | first quarter 2012 |
| Medium | [electronic resource] |
| 260 ## - PUBLICATION, DISTRIBUTION, ETC. | |
| Place of publication, distribution, etc. | [S.l.] |
| Name of publisher, distributor, etc. | ONS |
| Date of publication, distribution, etc. | 2012 |
| 490 ## - SERIES STATEMENT | |
| Series statement | ONS Statistical Bulletin |
| Volume/sequential designation | 8 June 2012 |
| 520 ## - SUMMARY, ETC. | |
| Summary, etc. | This bulletin shows new orders in the construction industry for the first quarter of 2012. The total volume of all new construction orders in the first quarter of 2012 is estimated to have grown by 4.6 per cent compared with the fourth quarter of 2011, but is 3.6 per cent lower than the first quarter of 2011. In a volatile series, new orders remain at a relatively low level. There were decreases in infrastructure new work and private new housing. The volume of new orders for public new housing and public new work combined is estimated to be 41.3 per cent lower in the first quarter of 2012 than in the same period one year earlier. |
| 590 ## - LOCAL NOTE (RLIN) | |
| Local note | KA |
| 650 24 - SUBJECT ADDED ENTRY--TOPICAL TERM | |
| Topical term or geographic name entry element | ONS NEW CONSTRUCTION ORDERS |
| 651 #4 - SUBJECT ADDED ENTRY--GEOGRAPHIC NAME | |
| Geographic name | Great Britain |
| Chronological subdivision | 1707- |
| 690 ## - LOCAL SUBJECT ADDED ENTRY--TOPICAL TERM (OCLC, RLIN) | |
| Topical term or geographic name as entry element | Construction management |
| 9 (RLIN) | 6230 |
| 856 40 - ELECTRONIC LOCATION AND ACCESS | |
| Uniform Resource Identifier | <a href="https://www.ons.gov.uk/ons/dcp171778_266535.pdf">https://www.ons.gov.uk/ons/dcp171778_266535.pdf</a> |
| Public note | View the item free of charge at www.ons.gov.uk |
| 942 ## - ADDED ENTRY ELEMENTS (KOHA) | |
| Suppress in OPAC | 0 |
| Withdrawn status | Lost status | Source of classification or shelving scheme | Damaged status | Not for loan | Home library | Current library | Shelving location | Date acquired | Total Checkouts | Full call number | Barcode | Date last seen | Copy number | Price effective from | Koha item type |
|---|---|---|---|---|---|---|---|---|---|---|---|---|---|---|---|
| Dewey Decimal Classification | Virtual | Virtual | Online | 18/06/2012 | ONLINE PUBLICATION | 156656-2001 | 06/08/2019 | 1 | 06/08/2019 | Book |